Datum a čas kvízu
26
Celkem bodů
Celkový počet nahraných bodů na tomto kvízu bez doplňovacích otázek.
6.
Pořadí na kvízu
Konečné umístění týmu na tomto kvízu.
Zaznamenané odpovědi
| # | Otázka | Odpověď | Body | Výsledky |
|---|---|---|---|---|
| 1. | Zvolený prezident Petr Pavel z... | 58,32 % | 1 | |
| 2. | Novým premiérem jedné země se... | Nový Zéland | 0 | |
| 3. | Americká Akademie filmového um... | B) Všechno, všude, najednou | 0 | |
| 4. | Minulý týden se k planetě Zemi... | Neandertálská kometa | 0 | |
| 5. | Barbora Krejčíková a Kateřina... | 7. titul (6. a 8. za půl bodu) | 0 | |
| 6. | Dne 15. dubna 1986 byl jeden z... | Vojtěch Filip | 1 | |
| 7. | Koncem 70. let vznikla ve Velk... | Sex Pistols | 0 | |
| 8. | Jak si říká tento nizozemský D... | Tiësto | 1 | |
| 9. | Přezdívky mají i státy USA. Do... | 1D 2A 3C 4B | 1 | |
| 10. | I mnozí sportovci si dávají př... | Kaká | 0 |